[Event "Vienna State-chC"]
[Site "Vienna"]
[Date "2022.09.22"]
[Round "6"]
[White "Giefing, Josef"]
[Black "Ganahl, Herbert"]
[Result "1/2-1/2"]
[WhiteElo "1771"]
[BlackElo "1488"]
[PlyCount "36"]
[EventDate "2022.09.17"]
[EventType "swiss"]
[EventRounds "9"]
[EventCountry "AUT"]
[SourceTitle "CBM 210 Extra"]
[Source "ChessBase"]
[SourceDate "2022.11.30"]
[SourceVersion "1"]
[SourceVersionDate "2022.11.30"]
[SourceQuality "1"]

1. d4 d6 2. Bf4 g6 3. e3 Bg7 4. Nf3 Nf6 5. h3 Bd7 6. c4 c5 7. Nc3 cxd4 8. exd4 0-0 9. Be2 Ne8 10. 0-0 Bc8 11. Qb3 e6 12. Rad1 Nd7 13. Qa3 Ndf6 14. Rfe1 d5 15. c5 Bd7 16. Ne5 a6 17. Na4 Bxa4 18. Qxa4 Rc8 1/2-1/2

[Event "Vienna State-chC"]
[Site "Vienna"]
[Date "2022.09.17"]
[Round "1"]
[White "Ganahl, Herbert"]
[Black "Wu, Chenshan"]
[Result "0-1"]
[WhiteElo "1488"]
[BlackElo "965"]
[PlyCount "84"]
[EventDate "2022.09.17"]
[EventType "swiss"]
[EventRounds "9"]
[EventCountry "AUT"]
[SourceTitle "CBM 210 Extra"]
[Source "ChessBase"]
[SourceDate "2022.11.30"]
[SourceVersion "1"]
[SourceVersionDate "2022.11.30"]
[SourceQuality "1"]

1. e4 Nf6 2. Nc3 d5 3. exd5 Nxd5 4. Nxd5 Qxd5 5. Qf3 Qxf3 6. Nxf3 Bf5 7. Bb5+ c6 8. Ba4 Nd7 9. d4 a5 10. c3 e6 11. 0-0 Bd6 12. Re1 b5 13. Bd1 h6 14. Ne5 Bxe5 15. dxe5 Nb6 16. b3 a4 17. Bf3 Rc8 18. Bb2 Bc2 19. Rac1 axb3 20. axb3 Bxb3 21. Be2 Rd8 22. Ba3 Bc4 23. Bc5 Bxe2 24. Bxb6 Rb8 25. Bc5 Bc4 26. Ra1 g5 27. Ra7 Bd5 28. Re7+ Kf8 29. Ra1 Kg7 30. Raa7 Ra8 31. Rxf7+ Kg6 32. g4 Rxa7 33. Rxa7 h5 34. Be7 hxg4 35. Bf6 Rg8 36. Kf1 Kf5 37. Ke2 Ke4 38. Ra1 Bc4+ 39. Ke1 Kd3 40. Rc1 Rg6 41. Kd1 Rh6 42. Ke1 Rxh2 0-1

[Event "Steyr op"]
[Site "Steyr"]
[Date "2012.08.31"]
[Round "5"]
[White "Ganahl, Herbert"]
[Black "Edlinger, Wilhelm"]
[Result "1-0"]
[WhiteElo "1509"]
[BlackElo "1485"]
[PlyCount "101"]
[EventDate "2012.08.27"]
[EventType "swiss"]
[EventRounds "7"]
[EventCountry "AUT"]
[SourceTitle "CBM 150 Extra"]
[Source "ChessBase"]
[SourceDate "2012.10.19"]
[SourceVersion "1"]
[SourceVersionDate "2012.10.19"]
[SourceQuality "1"]

1. e4 d5 2. exd5 Nf6 3. d4 Nxd5 4. c4 Nf6 5. Nc3 e6 6. Nf3 c6 7. Bd3 Be7 8. 0-0 Nbd7 9. Bg5 Nf8 10. Qc2 Ng6 11. Rad1 0-0 12. Rfe1 Qc7 13. Ne4 Nxe4 14. Bxe7 Qxe7 15. Bxe4 Qc7 16. Ne5 f5 17. Nxg6 hxg6 18. Bf3 Qf4 19. Qd2 Qh4 20. g3 Qh6 21. Be2 Bd7 22. Qb4 Rab8 23. Qd6 Rfd8 24. b4 g5 25. Qe5 Qf6 26. c5 Kf7 27. Rf1 a6 28. Rd2 Qxe5 29. dxe5 Be8 30. Rd6 Rd7 31. Bc4 Re7 32. Rfd1 g6 33. Kg2 Rc8 34. f3 Rcc7 35. f4 g4 36. h3 Rcd7 37. hxg4 Rxd6 38. cxd6 Rd7 39. Rh1 Kg7 40. Bxe6 Rd8 41. gxf5 gxf5 42. Bxf5 Bg6 43. Bxg6 Kxg6 44. Kf3 b6 45. Ke4 Kf7 46. Rh7+ Kg6 47. Rc7 Rh8 48. Rxc6 Kf7 49. Rxb6 Kg6 50. f5+ Kh5 51. Kf4 1-0